| 000 | 01320nam0a2200325 4500 | ||
|---|---|---|---|
| 001 | RU\NLR\bibl\99122 | ||
| 005 | 20250617082943.0 | ||
| 010 | _a5-8291-0063-0 | ||
| 021 |
_aRU _b2000-11557 _9570 |
||
| 035 | _a(NLR Aleph) 000096910 | ||
| 090 |
_a545786 _c545786 |
||
| 100 | _a20000719d1999 |||y0rusy50 ca | ||
| 101 | 0 |
_arus _aeng _deng |
|
| 102 | _aRU | ||
| 105 | _aa ||||||||| | ||
| 200 | 1 |
_aПисьма из Новой Зеландии _eКультура. Социал. жизнь. Эмиграция _fТатьяна Благова _gРос. акад. естеств. наук. Отд. пробл. развития регионов |
|
| 210 |
_aМ. _cАкад. Проект _d1999 |
||
| 215 |
_a236 с. _cил. _d20 |
||
| 300 | _aНа 4-й с. обл. авт.: Т. Благова, докторант Кантербер. ун-та | ||
| 300 | _aЧасть текста на англ. яз. | ||
| 607 |
_aНовая Зеландия _xИстория _91143292 _3RU\NLR\auth\66136912 |
||
| 686 | _aТ3(82НвЗ) | ||
| 700 | 1 |
_aБлагова _bТ. И. _gТатьяна Илларионовна _4070 |
|
| 801 | 0 |
_aRU _bNLR _c20000719 _gPSBO |
|
| 801 | 1 |
_aRU _bNLR _c20000719 |
|
| 830 | _aАвт. раскрыт по кн. | ||
| 852 |
_aNLR _j2000-3/6680 |
||
| 942 | _cBOOK | ||
| 980 | _aNB | ||